INTRODUCTION TO GENERAL TOPOLOGY (Record no. 31480)

000 -LEADER
fixed length control field 00339nam a2200145Ia 4500
008 - FIXED-LENGTH DATA ELEMENTS--GENERAL INFORMATION
fixed length control field 200615s9999||||xx |||||||||||||| ||und||
020 ## - INTERNATIONAL STANDARD BOOK NUMBER
International Standard Book Number 9788122436037
082 ## - DEWEY DECIMAL CLASSIFICATION NUMBER
Classification number 510
Item number INT-J
100 ## - MAIN ENTRY--PERSONAL NAME
Personal name JOSHI,KD
245 #0 - TITLE STATEMENT
Title INTRODUCTION TO GENERAL TOPOLOGY
250 ## - EDITION STATEMENT
Edition statement 2ND
260 ## - PUBLICATION, DISTRIBUTION, ETC.
Place of publication, distribution, etc. NEW DELHI
Name of publisher, distributor, etc. NEW AGE
Date of publication, distribution, etc. 2017
300 ## - PHYSICAL DESCRIPTION
Extent 543
942 ## - ADDED ENTRY ELEMENTS (KOHA)
Koha item type Book
Holdings
Withdrawn status Lost status Source of classification or shelving scheme Damaged status Not for loan Collection code Permanent Location Current Location Date acquired Cost, normal purchase price Total Checkouts Full call number Barcode Date last seen Price effective from Koha item type
          School of Science Central Library, MUIT, Lucknow Central Library, MUIT, Lucknow 2020-06-15 299.00   510 INT-J SOS4776 2020-06-15 2020-06-15 Reference Book

All Rights Reserved@MUIT

Powered by Koha